| 000 | 00344nam a22001337a 4500 | ||
|---|---|---|---|
| 008 | 181010b xxu||||| |||| 00| 0 eng d | ||
| 020 | _a9780812220391 | ||
| 041 | _aeng | ||
| 080 | _a371 | ||
| 100 | _a25 | ||
| 101 | _aEDU | ||
| 245 |
_aMS.Mentor's new and ever more Impeccable Advice for Women and men in Academia _cToth,E |
||
| 942 |
_2udc _cBK |
||
| 999 |
_c49291 _d49291 |
||